000 01123nam a2200301 i 4500
001 47469
003 ES-MaACL
005 20250916194506.0
007 t|
008 030428s2002 sp ||||0| spa
020 _a84-7455-066-1
080 _a32 Cánovas del Castillo, Antonio
080 _a94(460)"1843/68"
100 1 _aCánovas del Castillo, Antonio,
_d1828-1897
_934600
245 1 3 _aLa revolución liberal española
_b: antología política (1854-1876) /
_cAntonio Cánovas del Castillo ; [estudio preliminar de Jorge Vilches].
246 3 _aCánovas y la revolución liberal española
250 _a1ª ed.
260 _aSalamanca :
_bAlmar,
_c2002.
300 _a485 p. :
_b1 retr. ;
_c22 cm.
490 1 _aBiblioteca del pensamiento conservador ;
_v2
600 1 4 _aCánovas del Castillo, Antonio,
_d1828-1897
_934600
651 4 _aEspaña-
_xHistoria-
_z1843-1868, Isabel II
_98256
700 1 _aVilches, Jorge,
_d1967-
_9151175
830 1 _aBiblioteca del pensamiento conservador ;
_v2
_9226532
852 _aES-MaACL
_jL-26232
852 _aES-MaACL
_jL-26455
999 _c47469
_d47469